000 00718cam a2200289 4500
008 090401t1996 xxu||||| |||| 00| 0 eng d
020 _a0750624655
035 _a(Sirsi) u74068
041 _aeng
050 _a693.21
100 _aThomas, Kenneth
245 _aMasonry walls: design and specification.
260 _aOxford
_bButterworth-Heinemann
_c1996
300 _a317p. : ill. ; 30cm.
350 _a25
650 _aBLOCKWORK
650 _aBRICKS
650 _aBRICKWORK
650 _aCLADDING
650 _aEFFLORESCENCE
650 _aINSULATION
650 _aMORTARS
650 _aRAIN PENETRATION
690 _aBUILT ENVIRONMENT-BUILDING MATERIALS
942 _n0
948 _c04/03/1997
999 _c95764
_d95764